| 000 | 00869nam a2200241Ia 4500 | ||
|---|---|---|---|
| 001 | 687 | ||
| 003 | GE_BSU | ||
| 008 | 181216s||||||||xx |||||||||||||| ||und|| | ||
| 020 | _a9789941131219 | ||
| 040 | _cGE_BSU | ||
| 080 | _a519.6 | ||
| 100 | _aგელაშვილი,კობა და სხვა | ||
| 245 | _aმათემატიკური პროგრამირება | ||
| 245 | _bივ.ჯავახიშვილის სახ. თბილისის სახ. უნტი | ||
| 260 | _aთბილისი | ||
| 260 | _bთბილისის უნივერსიტეტის გამ–ბა | ||
| 260 | _c2009 | ||
| 300 | _a167გვ. | ||
| 541 | _h6ლ. | ||
| 653 | _aმათემატიკა | ||
| 653 | _aმათემატიკური პროგრამირება | ||
| 942 | _cBK | ||
| 999 |
_c34869 _d34869 |
||